000 01640nam a2200373Ia 4500
001 ebr10058093
003 CaPaEBR
006 m u
007 cr cn|||||||||
008 961230s1996 enka sb 001 0 eng d
020 _z0203442296
020 _z0415151848 (pbk.)
040 _aCaPaEBR
_cCaPaEBR
035 _a(OCoLC)51915291
050 1 4 _aHC260.C6
_bW4 1996eb
100 1 _aWeatherill, Lorna.
245 1 0 _aConsumer behaviour and material culture in Britain, 1660-1760
_h[electronic resource] /
_cLorna Weatherill.
246 1 4 _aConsumer behaviour & material culture in Britain, 1660-1760
246 3 _aConsumer behavior and material culture in Britain, 1660-1760
250 _a2nd ed.
260 _aLondon ;
_aNew York :
_bRoutledge,
_c1996.
300 _axxiii, 252 p. :
_bill.
504 _aIncludes bibliographical references (p. [240]-243) and index.
533 _aElectronic reproduction.
_bPalo Alto, Calif. :
_cebrary,
_d2009.
_nAvailable via World Wide Web.
_nAccess may be limited to ebrary affiliated libraries.
650 0 _aConsumers
_zGreat Britain
_xHistory
_y17th century.
650 0 _aConsumers
_zGreat Britain
_xHistory
_y18th century.
651 0 _aGreat Britain
_xEconomic conditions
_y17th century.
651 0 _aGreat Britain
_xEconomic conditions
_y18th century.
651 0 _aGreat Britain
_xSocial conditions
_y17th century.
651 0 _aGreat Britain
_xSocial conditions
_y18th century.
655 7 _aElectronic books.
_2local
710 2 _aebrary, Inc.
856 4 0 _uhttp://site.ebrary.com/lib/rucke/Doc?id=10058093
_zAn electronic book accessible through the World Wide Web; click to view
999 _c68135
_d68135